Nghiên cứu chiết tách bixin trong hạt điều nhuộm bằng dầu shortening để ứng dụng tạo màu bò khô

Khảo sát thành phần khối lượng của hạt điều: xác định độ ẩm, hàm lượng tro, hàm lượng kim loại. Chiết tách bixin bằng phương pháp chưng ninh trong dầu shortening. Khảo sát các yếu tố ảnh hưởng đến quy trình chiết tách bixin trong dầu shortening để lựa chọn quy trình chiết tối ưu. Định tính phẩm màu...

Descrición completa

Gardado en:
Detalles Bibliográficos
Autor Principal: Trương Thị Vương Cang
Outros autores: Đào Hùng Cường GS.TS (Hướng dẫn)
Formato: Libro
Publicado: Đà Nẵng Đại học Sư phạm, Đại học Đà Nẵng 2012
Những chủ đề:
Các nhãn: Engadir etiqueta
Sen Etiquetas, Sexa o primeiro en etiquetar este rexistro!
Thư viện lưu trữ: Mạng thư viện Đại học Đà Nẵng
LEADER 02394nam a2200337 4500
001 000017622
003 14041
005 20130510090520.0
008 130503s2012 sd
082 |a 664.062  |b TR-C 
100 1 |a Trương Thị Vương Cang 
245 |a Nghiên cứu chiết tách bixin trong hạt điều nhuộm bằng dầu shortening để ứng dụng tạo màu bò khô  |c Trương Thị Vương Cang ; Đào Hùng Cường hướng dẫn  |k Khóa luận tốt nghiệp 
260 |a Đà Nẵng  |b Đại học Sư phạm, Đại học Đà Nẵng  |c 2012 
300 |a 54 tr.  |b Hình mh.  |c 29 cm.  |e Đĩa CD, bản tóm tắt 
500 |a Khóa luận tốt nghiệp đại học. Chuyên ngành: Sư phạm Hóa 
504 |a Mục lục đầu trang, tài liệu tham khảo tr. 73 - 74, phụ lục [13 tr.] 
520 |a Khảo sát thành phần khối lượng của hạt điều: xác định độ ẩm, hàm lượng tro, hàm lượng kim loại. Chiết tách bixin bằng phương pháp chưng ninh trong dầu shortening. Khảo sát các yếu tố ảnh hưởng đến quy trình chiết tách bixin trong dầu shortening để lựa chọn quy trình chiết tối ưu. Định tính phẩm màu annatto trong dầu shortening. Đánh giá cảm quan và kiểm tra hàm lượng kim loại nặng của phẩm màu annatto trong dầu shortening. Định lượng phẩm màu trong dầu shortening. Ứng dụng phẩm màu annatto để tạo màu bò khô. So sánh hàm lượng phẩm màu trước và sau khi tạo màu bò khô. 
600 1 4 |b Vua  |c Đinh Tiên Hoàng 
650 0 4 |a Chất Bixin  |a Hạt điều nhuộm  |v Khóa luận tốt nghiệp  |x Ứng dụng  |x Nghiên cứu, chiết tách 
653 |a Khoa Hóa học  |a Hạt điều nhuộm  |a Dầu shortening  |a Chiết tách  |a Màu bò khô  |a Chất Bixin 
700 |a Đào Hùng Cường  |c GS.TS  |e Hướng dẫn 
OWN |a LSP 
AVA |a UDN50  |b LSP  |d 664.062 TR-C  |e available  |t Error 5001 Not defined in file expand_doc_bib_avail.  |f 1  |g 0  |h N  |i 0  |k 1 
999 |a From the UDN01 
AVA |a UDN50  |b LSP  |d 664.062 TR-C  |e available  |t Error 5001 Not defined in file expand_doc_bib_avail.  |f 1  |g 0  |h N  |i 0  |k 1 
TYP |a Monograph 
TYP |a Printed language 
980 |a Mạng thư viện Đại học Đà Nẵng